| 000 | 00554nam a22001937a 4500 | ||
|---|---|---|---|
| 999 |
_c188919 _d188919 |
||
| 005 | 20220607152112.0 | ||
| 010 | _aENG-133095 | ||
| 020 |
_c650.00 _a978-81-925575-1-6 |
||
| 035 | _aEN-116627 | ||
| 037 | _bDBAD/PUB | ||
| 082 | _a954 | ||
| 100 | _aGrover, D.C. | ||
| 245 |
_aMonument & Forts of India/ _cD.C. Grover |
||
| 250 | _bNew Delhi | ||
| 260 |
_c2017 _bAryan Prakashan |
||
| 270 |
_aIIIrd Floor, H-1/48 Bengali Colony, Mahavir Enclave _bNew Delhi _e110045 |
||
| 300 |
_a200p. _c21cm(hbk) |
||
| 942 |
_2ddc _cEN _mGRO _h954 |
||